Normal view MARC view
  • Joint Working Group on Commercial Leases

Entry Corporate Name

Number of records used in: 6

001 - CONTROL NUMBER

  • control field: 5168

003 - CONTROL NUMBER IDENTIFIER

  • control field: SIRSI

005 - DATE AND TIME OF LATEST TRANSACTION

  • control field: 20190806150240.0

008 - FIXED-LENGTH DATA ELEMENTS

  • fixed length control field: 070419n| aaannaabn |n ana d

040 ## - CATALOGING SOURCE

  • Original cataloging agency: OSt
  • Transcribing agency: OSt

110 2# - HEADING--CORPORATE NAME

  • Corporate name or jurisdiction name as entry element: Joint Working Group on Commercial Leases

670 ## - SOURCE DATA FOUND

  • Source citation: The code for leasing business premises in England and Wales 2007, 2007